01425nas a2200265 i 4500003000900000005001700009007000300026008004100029022001400070040003000084041000800114245006400122264006900186300005800255310001900313336002700332337003400359338002800393362003800421500006700459520043300526650007000959650006401029650006601093DO-SdBNP20260312150209.0ta260312e2021 dr zn|p|r||||||0| | spa d a2676-0908 aDO-SdBNPbspacBNPHUerda aspa aMicros : revista de minificción dominicana y caribeña.  aSanto Domingo, República Dominicana : bLetra Erguida, c2021. avolumen : bilustraciones, fotografías ; c26.5 cm. aCuatrimestral. atextobtxt2rdacontent asin mediación bn2rdamedia avolumenbnc2rdacarrier aAño 1. No. 1, enero-abril 2021. aCatalogación basada en el: Año 1. No. 1, enero-abril 2021. aREVISTA MICROS es una publicación para lectores, creadores y estudiosos interesados en la literatura breve y la ficción gráfica, quienes encuentran en ambas formas narrativas, sustanciales manifestaciones de expresión creativa. Editada por el escritor Alexis Peña para–Editorial Letra Erguida, MICROS se dedicada, principalmente, al estudio y la difusión de textos de la República Dominicana y el Caribe hispano. 0aMicrocuentosvPublicaciones periódicas zRepública Dominicana 0aHumorismo gráfico dominicanovPublicaciones periódicas  0aCómicsvPublicaciones periódicas zRepública Dominicana